| 000 | 00461nam a2200181Ia 4500 | ||
|---|---|---|---|
| 008 | 180207s9999 xx 000 0 und d | ||
| 020 | _a9780439187834 | ||
| 050 | _bW753 1999 | ||
| 100 | _aWilson, Sarah | ||
| 245 | _aLove and kisses / | ||
| 245 | _cby Sarah Wilson ; illustrated by Melissa Sweet. | ||
| 260 | _aNew York : | ||
| 260 | _bCandlewick Press, | ||
| 260 | _c1999 | ||
| 300 | _aunpaged : | ||
| 300 | _bcolor illustration ; | ||
| 300 | _c14cm. | ||
| 999 |
_c355649 _d355649 |
||